00887nam a2200277 a 450000100060000000300080000600500170001400800410003102000260007202000230009803500190012104000270014004100080016708200240017510000220019924500870022125000170030826000520032530000290037749000350040650400500044165000230049170000290051470000310054383000350057455382BD-RjUL20211209080246.0161116r19751971enka b 001 0 eng  a0045520062 (Hardback) a0045520070 (Paper) a(BD-RjUL)55504 aDLCcDLCdBD-RjULbeng aeng00223a552.5bGRP 19751 aGreensmith, J. T.10aPetrology of the sedimentary rocks /cJ. T. Greensmith, F. H. Hatch, R. H. Rastall a5th rev. ed. aLondon :bThomas Murby,c1971 [Impression 1975] a502 p. :bill. ;c24 cm.0 aTextbook of petrology ; vv. 2 aIncludes Bibliographical references and index 0aSedimentary rocks.1 aHatch, F. H. , jt. auth.1 aRastall, R. H. , jt. auth. aTextbook of petrology ; vv. 2